<?xml version="1.0" encoding="UTF-8"?>
<collection xmlns="http://www.loc.gov/MARC21/slim">
<record>
  <controlfield tag="001">130827</controlfield>
  <controlfield tag="005">20240319081031.0</controlfield>
  <datafield tag="024" ind1="7" ind2=" ">
    <subfield code="2">doi</subfield>
    <subfield code="a">10.1111/j.1755-3768.2022.0615</subfield>
  </datafield>
  <datafield tag="024" ind1="8" ind2=" ">
    <subfield code="2">sideral</subfield>
    <subfield code="a">135628</subfield>
  </datafield>
  <datafield tag="037" ind1=" " ind2=" ">
    <subfield code="a">ART-2022-135628</subfield>
  </datafield>
  <datafield tag="041" ind1=" " ind2=" ">
    <subfield code="a">eng</subfield>
  </datafield>
  <datafield tag="100" ind1=" " ind2=" ">
    <subfield code="a">del Buey Sayas, María Ángeles</subfield>
    <subfield code="u">Universidad de Zaragoza</subfield>
    <subfield code="0">(orcid)0000-0002-9325-9964</subfield>
  </datafield>
  <datafield tag="245" ind1=" " ind2=" ">
    <subfield code="a">Possibilities of monitoring intraocular pressure using easyton transpalpebral tonometer</subfield>
  </datafield>
  <datafield tag="260" ind1=" " ind2=" ">
    <subfield code="c">2022</subfield>
  </datafield>
  <datafield tag="520" ind1="3" ind2=" ">
    <subfield code="a">Purpose: To compare the effectiveness of transpalpebral scleral tonometry (TPST) and Goldmann applanation tonometry (GAT) in a control group patients, in order to consider TPST as an objective IOP control in early postoperative period of patients undergoing corneal and surface surgery.
Methods: Three measurements TPST, using EASYTON tonometer, and IOP using GAT, have been sequentially performed on 73 right eyes of 73 control patients (aged 24–83) (mean age 57.4 ± 16.3 years). In addition, 12 eyes of 12 patients undergoing corneal or surface surgery (PK, DSAEK, pterigium) have been evaluated with TPST and digital palpation tonometry in the immediate postoperative period (1–2 and 7 days). We evaluated the post‐surgical cases subjectively in normal tone by palpation, ocular hypotonia and hypertonia. Subsequently, we carried out an objective IOP measurement with Easyton and assessed the correlation of results.
Results: Mean IOP spread (as demonstrated by three consecutive IOP measurements with EASYTON) was 1.32 mm Hg thus showing a high degree of repeatability. IOP measured using the TPST was 18.2 ± 2.9 mmHg in the control group. With GAT were 18.3 ± 2.5 mmHg in the control group. There are no statistically significant differences between both variables for the same sample. During the second evaluation, a high degree of the similarity of IOP measurements with palpation and TPST was demonstrated in the operated eyes after corneal and surface surgery.
Conclusions: EASYTON tonometry demonstrated repeatability of IOP indicators when measuring the same eye three times sequentially. There are no statistically significant differences between TPST and GAT in the control group. EASYTON transpalpebral IOP tonometer prevents the subjectivity of IOP measurements after PK and other corneal or surface surgeries and makes an objective tonometry available. The lack of the contact with the cornea, a rather high accuracy and repeatability, and the lack of negative effects allow for using this device in these cases.</subfield>
  </datafield>
  <datafield tag="540" ind1=" " ind2=" ">
    <subfield code="9">info:eu-repo/semantics/closedAccess</subfield>
    <subfield code="a">All rights reserved</subfield>
    <subfield code="u">http://www.europeana.eu/rights/rr-f/</subfield>
  </datafield>
  <datafield tag="590" ind1=" " ind2=" ">
    <subfield code="a">3.4</subfield>
    <subfield code="b">2022</subfield>
  </datafield>
  <datafield tag="591" ind1=" " ind2=" ">
    <subfield code="a">OPHTHALMOLOGY</subfield>
    <subfield code="b">16 / 62 = 0.258</subfield>
    <subfield code="c">2022</subfield>
    <subfield code="d">Q2</subfield>
    <subfield code="e">T1</subfield>
  </datafield>
  <datafield tag="592" ind1=" " ind2=" ">
    <subfield code="a">1.128</subfield>
    <subfield code="b">2022</subfield>
  </datafield>
  <datafield tag="593" ind1=" " ind2=" ">
    <subfield code="a">Ophthalmology</subfield>
    <subfield code="c">2022</subfield>
    <subfield code="d">Q1</subfield>
  </datafield>
  <datafield tag="593" ind1=" " ind2=" ">
    <subfield code="a">Medicine (miscellaneous)</subfield>
    <subfield code="c">2022</subfield>
    <subfield code="d">Q1</subfield>
  </datafield>
  <datafield tag="594" ind1=" " ind2=" ">
    <subfield code="a">6.2</subfield>
    <subfield code="b">2022</subfield>
  </datafield>
  <datafield tag="655" ind1=" " ind2="4">
    <subfield code="a">info:eu-repo/semantics/conferenceObject</subfield>
    <subfield code="v">info:eu-repo/semantics/acceptedVersion</subfield>
  </datafield>
  <datafield tag="700" ind1=" " ind2=" ">
    <subfield code="a">Casas Pascual, Paula</subfield>
  </datafield>
  <datafield tag="700" ind1=" " ind2=" ">
    <subfield code="a">López Rodríguez, Nuria</subfield>
  </datafield>
  <datafield tag="700" ind1=" " ind2=" ">
    <subfield code="a">Marco Monzón, Sara</subfield>
  </datafield>
  <datafield tag="700" ind1=" " ind2=" ">
    <subfield code="a">Ascaso, Javier</subfield>
  </datafield>
  <datafield tag="700" ind1=" " ind2=" ">
    <subfield code="a">Lanchares Sancho, Elena</subfield>
    <subfield code="u">Universidad de Zaragoza</subfield>
    <subfield code="0">(orcid)0000-0002-2959-0628</subfield>
  </datafield>
  <datafield tag="710" ind1="2" ind2=" ">
    <subfield code="1">1013</subfield>
    <subfield code="2">646</subfield>
    <subfield code="a">Universidad de Zaragoza</subfield>
    <subfield code="b">Dpto. Cirugía</subfield>
    <subfield code="c">Área Oftalmología</subfield>
  </datafield>
  <datafield tag="710" ind1="2" ind2=" ">
    <subfield code="1">5004</subfield>
    <subfield code="2">605</subfield>
    <subfield code="a">Universidad de Zaragoza</subfield>
    <subfield code="b">Dpto. Ingeniería Mecánica</subfield>
    <subfield code="c">Área Mec.Med.Cont. y Teor.Est.</subfield>
  </datafield>
  <datafield tag="773" ind1=" " ind2=" ">
    <subfield code="g">100, S275 (2022)</subfield>
    <subfield code="p">Acta ophthamol.</subfield>
    <subfield code="t">ACTA OPHTHALMOLOGICA</subfield>
    <subfield code="x">1755-375X</subfield>
  </datafield>
  <datafield tag="856" ind1="4" ind2=" ">
    <subfield code="s">67473</subfield>
    <subfield code="u">http://zaguan.unizar.es/record/130827/files/texto_completo.pdf</subfield>
    <subfield code="y">Postprint</subfield>
  </datafield>
  <datafield tag="856" ind1="4" ind2=" ">
    <subfield code="s">2202014</subfield>
    <subfield code="u">http://zaguan.unizar.es/record/130827/files/texto_completo.jpg?subformat=icon</subfield>
    <subfield code="x">icon</subfield>
    <subfield code="y">Postprint</subfield>
  </datafield>
  <datafield tag="909" ind1="C" ind2="O">
    <subfield code="o">oai:zaguan.unizar.es:130827</subfield>
    <subfield code="p">articulos</subfield>
    <subfield code="p">driver</subfield>
  </datafield>
  <datafield tag="951" ind1=" " ind2=" ">
    <subfield code="a">2024-03-18-17:08:09</subfield>
  </datafield>
  <datafield tag="980" ind1=" " ind2=" ">
    <subfield code="a">ARTICLE</subfield>
  </datafield>
</record>
</collection>